Cross - situational specificity in managers perceptions of subordinate performance, attributions and leader behaviors (Record no. 11305)

000 -LEADER
fixed length control field 00479pab a2200157 454500
008 - FIXED-LENGTH DATA ELEMENTS--GENERAL INFORMATION
fixed length control field 180718b1983 xxu||||| |||| 00| 0 eng d
100 ## - MAIN ENTRY--PERSONAL NAME
Personal name James, Lawrence R.
245 ## - TITLE STATEMENT
Title Cross - situational specificity in managers perceptions of subordinate performance, attributions and leader behaviors
260 ## - PUBLICATION, DISTRIBUTION, ETC.
Date of publication, distribution, etc. 1983
300 ## - PHYSICAL DESCRIPTION
Extent 809-56
362 ## - DATES OF PUBLICATION AND/OR SEQUENTIAL DESIGNATION
Dates of publication and/or sequential designation Winter
650 ## - SUBJECT ADDED ENTRY--TOPICAL TERM
Topical term or geographic name entry element Inter - Personal Relations
700 ## - ADDED ENTRY--PERSONAL NAME
Personal name John F. White III
773 ## - HOST ITEM ENTRY
Main entry heading Personnal Psychology
909 ## -
-- 11305
Holdings
Withdrawn status Lost status Damaged status Not for loan Permanent Location Current Location Date acquired Serial Enumeration / chronology Barcode Date last seen Price effective from Koha item type
        Indian Institute of Public Administration Indian Institute of Public Administration 2018-07-19 Volume no: 36, Issue no: 4 AR11346 2018-07-19 2018-07-19 Articles

Powered by Koha